| 000 | 01076nam0a22002651 4500 | ||
|---|---|---|---|
| 001 | rc\3560795 | ||
| 005 | 20260407114103.0 | ||
| 021 |
_aRU _bРг8489-77 |
||
| 021 |
_aRU _b77-35846 |
||
| 035 | _a(NLR Aleph) 007685582 | ||
| 090 |
_a6585310 _c6585310 |
||
| 100 | _a20130115d1976 |||y0rusy50 ca | ||
| 101 | 0 | _arus | |
| 102 | _aRU | ||
| 105 | _ay z ||||| | ||
| 200 | 1 |
_aНаучные исследования экономических проблем развития строительства в зарубежных странах _eСборник науч. трудов _f[Науч. ред. к. э. н. Л.Ф. Мирющенко] _gНИИ экономики стр-ва Госстроя СССР |
|
| 210 |
_aМосква _cБ. и. _d1976 |
||
| 215 |
_a87 с. _d20 |
||
| 702 | 1 |
_aМирющенко _bЛ.Ф. _gЛеонид Федорович |
|
| 712 | 0 | 2 |
_aНИИ экономики строительства _cМосква _3RU\NLR\AUTH\889946019 _9387534 |
| 801 | 0 |
_aRU _bNLR _gpsbo |
|
| 801 | 1 |
_aRU _bELAR _2rusmarc |
|
| 852 |
_aNLR _j77-4/18602 |
||
| 942 | _cBOOK | ||
| 980 | _aNB | ||